| 000 | 01008nam a22002177a 4500 | ||
|---|---|---|---|
| 005 | 20240530110629.0 | ||
| 008 | 170112s2014 ua h g b 000 0 ara d | ||
| 017 |
_a2007/10678 _bمصر. دار الكتب |
||
| 020 | _a9789774383825 | ||
| 040 |
_aEG-CaGPL _cEG-CaGPL |
||
| 082 | 0 | 4 |
_221 _a229.7\ _bر إ |
| 100 | 0 | _aرائد راكان الجوارى | |
| 245 | 1 | 2 |
_aالاعجاز الجغرافى الفلكى فى القران الكريم و اسرار الحروف المقطعة بين الحضارات القديمة و العلم الحديث : _bدراسة مقارنة فى الفكر الجغرافى / _cتاليف رائد راكان الجوارى |
| 260 |
_aالاسكندرية : _bالمكتب الجامعى الحديث ، _c2014. |
||
| 300 |
_a124 ص. : _bصور ؛ _c24 سم. |
||
| 504 | _aيشتمل على ارجاعات ببليوجرافية | ||
| 650 | 0 | 7 |
_2qrmak _aالقران _xاعجاز |
| 651 | _2qrmak | ||
| 942 |
_2ddc _cBK |
||
| 999 |
_c63215 _d63215 |
||